000 00690nam a2200205Ia 4500
001 4389
003 GE_BSU
008 181216s||||||||xx |||||||||||||| ||und||
040 _cGE_BSU
080 _a665:644.2
245 _aКрекинг нефтяных фракций на цеолистсодержащих катализаторах.
245 _cПод. ред. С.Н. Хаджиева.
260 _aМ.
260 _bХимия.
260 _c1982.
300 _a280 стр. 20 см. с илл.
300 _e38 табл. 142 рис.
653 _aКрекинг нефтяных фракций на цеолистсодержащих катализаторах.
942 _cBK
999 _c38379
_d38379